Loading...
History - World History | 1 | 4 | 1 | 2 | 50 | 46 | 93.20 | 2 | 3 |
Science - Biology | 1 | 3 | 1 | 0 | 40 | 35 | 85.00 | 1 | 4 |
Literature - American Literature | 1 | 2 | 0 | 0 | 35 | 46 | 72.67 | 2 | 2 |
Beliefs | 1 | 2 | 0 | 0 | 35 | 44 | 89.67 | 1 | 2 |
History - American History | 2 | 0 | 0 | 0 | 30 | 50 | 57.50 | 1 | 2 |
History - European History | 1 | 1 | 0 | 0 | 25 | 18 | 52.00 | 1 | 2 |
2 | 0 | 2 | 0 | 20 | 46 | 58.00 | 2 | 2 | |
Social Science | 1 | 0 | 0 | 0 | 15 | 74 | 74.00 | 1 | 1 |
Current Events | 0 | 1 | 0 | 0 | 10 | 117 | 117.00 | 1 | 1 |
Other Arts: Visual | 0 | 1 | 0 | 1 | 10 | 114 | 114.00 | 0 | 1 |
Fine Arts - Visual Fine Arts | 0 | 1 | 0 | 0 | 10 | 89 | 89.00 | 0 | 1 |
Literature - British Literature | 0 | 1 | 1 | 0 | 5 | 94 | 94.00 | 0 | 1 |
Philosophy | 0 | 0 | 1 | 0 | -5 | 0.00 | 0 | 0 | |
Other Science: Astronomy | 0 | 0 | 1 | 0 | -5 | 0.00 | 0 | 0 |